Fr. Conceicao Rodrigues College of Engineering

Integrated circuits design & Leeno (Record no. 22113)

MARC details
000 -LEADER
fixed length control field 00290nam a2200133Ia 4500
100 ## - MAIN ENTRY--PERSONAL NAME
Personal name Botkar/K.R
250 ## - EDITION STATEMENT
Edition statement 6
245 ## - TITLE STATEMENT
Title Integrated circuits design & Leeno
260 ## - PUBLICATION, DISTRIBUTION, ETC.
Name of publisher, distributor, etc. Khanna publishers
Place of publication, distribution, etc. Bombay
Date of publication, distribution, etc. 1994
300 ## - PHYSICAL DESCRIPTION
Extent 187
546 ## - LANGUAGE NOTE
Language note ENGLISH
654 ## - SUBJECT ADDED ENTRY--FACETED TOPICAL TERMS
Focus term integrated
942 ## - ADDED ENTRY ELEMENTS (KOHA)
Koha item type BOOK
Holdings
Withdrawn status Lost status Damaged status Not for loan Collection Home library Current library Date acquired Total Checkouts Full call number Barcode Date last seen Price effective from Koha item type
        CRC Fr. Agnel's C.Rodrigues College of Engineering Fr. Agnel's C.Rodrigues College of Engineering 17/03/2023   8179 17/03/2023 17/03/2023 BOOK